Statistics for Ancient History by Letter 'R'

Click here to take the quiz!

General Stats

  • This quiz has been taken 656 times
  • The average score is 10 of 14

Answer Stats

Hint Answer % Correct
Ancient Egyptian God of the sun, often depicted with the head of a hawkRa
97%
Mythical twin brother who founded the city of RomeRemus
96%
Mythical twin brother who founded the city of RomeRomulus
96%
Also known as the Erythraean Sea, this sea lies between Egypt and Saudi ArabiaRed Sea
92%
Found in 1799 by a Napoleonic soldier, this ancient stone is used to decipher the hieroglyphsRosetta Stone
88%
This Ancient Wonder, the Colossus was situated at this Greek cityRhodes
85%
Widely considered by many to be the greatest pharaoh of Ancient EgyptRamesses II
83%
Christians believe that on the third day Jesus rose from the dead, this is known as the...Resurrection of Christ
83%
The Roman Civil War started after Julius Caeser famously crossed this riverRubicon
81%
The last book of the Bible, where the four horsemen of the apocalypse are mentionedRevelation
72%
Rome was considered this, before it became an EmpireRepublic
67%
Calendar that was replaced by the Julian Calendar in 45 BCRoman Calendar
49%
Jewish New Year, meant to celebrate the creation of Adam and EveRosh Hashanah
35%
BONUS: Who is the author of the Percy Jackson & the Olympians series?Rick Riordan
26%

Score Distribution

Percentile by Number Answered

Percent of People with Each Score

Your Score History

You have not taken this quiz